Erkenne die Landesgrenze anhand der Grenzlinie (Karte) #1 - Statistiken

Allgemein
  • Dieses Quiz wurde 47 mal gespielt
  • Das Durchschnittsergebnis liegt bei 14 aus 26
Antwortstatistiken
Bildquiz Antwort % Korrekt
China
95%
Mongolei
90%
Deutschland
83%
Tschechien
81%
Bosnien und Herzegowina
74%
Frankreich
74%
Kroatien
74%
Marokko
71%
Mauretanien
71%
Spanien
69%
Andorra
67%
Andorra
67%
Belgien
57%
Niederlande
52%
Saudi-Arabien
50%
Mexiko
48%
Vereinigte Staaten
48%
Vereinigte Arabische Emirate
45%
Demokratische Republik Kongo
43%
Sambia
33%
Usbekistan
33%
Turkmenistan
31%
Irland
24%
Vereinigtes Königreich
24%
Äthiopien
17%
Eritrea
17%
Keine übereinstimmenden Quizze gefunden
Verteilung der Resultate
Anzahl Personen mit jedem Resultat
Perzentil nach korrekt beantworteten Fragen
Ihre Resultats-Entwicklung
Sie haben dieses Quiz noch nicht gespielt